00707nam a22001697a 4500003000900000008004100009040007100050082001800121100003300139245012700172260004400299300003200343505010600375650002700481650001700508650001200525AR-CdUCM190322b ||||| |||| 00| 0 spa d aMUNICIPALIDAD PROVINCIAL DEL CUSCOcBIBLIOTECA MUNICIPAL DEL CUSCO a860.9 /bG49. aGiménez Caballero, Ernesto aLengua y literatura de la hispanidad en textos pedagógicos :b(Para su enseñanza en España, América y Filipinas) / aMadrid : bErnesto Gimenez S.A.,c1964. a3t.bIlustraciones,c24 cm. aContenido : t.1: Los orígenes -- t.2: La edad de oro -- t.3: Ilustración, romanticismo, identidad aLiteratura española  aEdad de oro  aLengua